000 00705nam a2200253Ia 4500
003 OSt
005 20220927110304.0
006 a|||||r|||| 00| 0
007 ta
008 220926b |||||||| |||| 00| 0 eng d
020 _a9211125898
024 _a66350
037 _cReference Collections
040 _aRTL
_cRTL
_beng
041 _2eng
_aeng
082 _a"X 755, P3"
111 _aUnited Nations Conference on Trade and Development
245 0 _aProceedings of the third inter-regional debt manag
260 _aNew
_bYork Nited Nations USA
_c2003
300 _a224p.
_ccm.
650 _aForeign Loan
942 _h"X 755, P3"
_cCC
999 _c695505
_d695505